Chelsea players with two last names - Statistics

General Stats
  • This quiz has been taken 22 times
  • The average score is 7 of 15
Answer Stats
Hint Answer % Correct
Nigerian John obi Mikel
80%
English Ruben Loftus-Cheek
80%
Norweigan Tore Andre Flo
75%
Spanish Asier Del Horno
65%
English Callum Hudson-Odoi
65%
English Shaun Wright-Phillips
60%
Israel Tal Ben Haim
60%
Dutch Marco van Ginkel
45%
Belgian Kevin De Bruyne
40%
Dutch Patrick van Aanholt
40%
Italian Roberto Di Matteo
40%
Argentinian Franco Di Santo
35%
Dutch Ed de Goey
30%
English Jake Clarke-Salter
15%
Spanish De Lucas
5%
No matching quizzes found
Score Distribution
Percent of People with Each Score
Percentile by Number Answered
Your Score History
You have not taken this quiz